000 00756nam a22002177a 4500
999 _c7108
_d7108
001 7108
003 BD-JhCC
005 20180304121935.0
008 180205b xxu||||| |||| 00| 0 eng d
035 _a(BD-JhCC)7108
040 _aBD-JhCC
_dBD-JhCC
041 _aeng
082 _a956
_bRAH 1976
100 _aরহিম, ডঃ মুহম্মদ আবদুর
245 _aবাংলার মুসলমানদের ইতিহাস (১৯৫৭-১৯৪৭) /
_cডঃ মুহম্মদ আবদুর রহিম
260 _aঢাকা :
_bইষ্টার্ন প্রিন্টিং প্রেস,
_c1976.
300 _a332 p. :
_c22 cm.
650 _aHistory of Muslim
942 _2ddc
_cBK